| 000 | 00000nam 2200000za 4500 |
| 001 | 9.675131 |
| 003 | CaOODSP |
| 005 | 20250408155504 |
| 007 | cr ||||||||||| |
| 008 | 150407|2008||||xxc|||||o f|0| 0 por d |
| 020 | |a978-0-662-03405-6 |
| 040 | |aCaOODSP|beng |
| 043 | |an-cn--- |
| 086 | 1 |aHP5-58/2008Por-PDF |
| 110 | 2 |aPublic Health Agency of Canada. |
| 245 | 10|a[CARMEN pilot Canadian case study - final report] : |h[electronic resource]|b[stakeholder convergence on nutrition labelling - building consensus on a complex issue]. |
| 246 | 1 |aEstudo de caso canadense piloto do CARMEN, relatório final: convergência dos participantes em matéria de rotulagem nutricional Busca de um consenso sobre uma questão complexa |
| 250 | |a[Portuguese edition]. |
| 260 | |aOttawa - Ontario : |bPublic Health Agency of Canada |cc2008. |
| 300 | |a38p.|billus., references, tables |
| 500 | |aIssued also in English under title: CARMEN pilot Canadian case study - final report: stakeholder convergence on nutrition labelling - building consensus on a complex issue. |
| 546 | |aText in Portuguese. |
| 590 | |a12-25-Supp|b2012-06-04 |
| 690 | 07|aFood labelling|2gcpds |
| 775 | 08|tCARMEN pilot Canadian case study - final report : |w(CaOODSP)9.690837 |
| 792 | |t[Étude de cas canadienne - Projet CARMEN, rapport final] : |efre|w(CaOODSP)9.675132 |
| 856 | 40|ahttp://publications.gc.ca|qPDF|s8780 KB|uhttps://publications.gc.ca/collections/collection_2012/aspc-phac/HP5-58-2008-por.pdf |